000 00679nam a2200229 i 4500
001 49815
003 ES-MaACL
005 20230906162052.0
007 t|
008 030723s1952 sp |||| | spa d
080 _a82-223"19"
100 1 _aCoward, Noel.
_941368
245 1 3 _aLa fiebre del heno /
_cpor Noel Coward ; [traducción del inglés por Nellie Manso de Zúñiga].
250 _a1ª ed.
260 _aBarcelona :
_bJosé Janés,
_c1952 (
_fMiguza)
300 _a180 p. ;
_c19 cm.
490 1 _aAl monigote de papel
700 1 _aManso de Zúñiga, Nellie.
_976135
830 0 _aAl monigote de papel
_9181405
852 _aES-MaACL
_jC-6894
999 _c49815
_d49815